The Distress'd maid being put to her last shift, maketh her petition to the Reverend Dr. Swift. In imitation of Frances Harris's petition. Humbly shewing.

Bibliographic Details
Corporate Author: Gale (Firm)
Format: eBook
Language:English
Published: [Dublin?] : [publisher not identified], [1720?]
Subjects:
Online Access:Connect to the full text of this electronic book

MARC

Tag First Indicator Second Indicator Subfields
LEADER 00000cam a2200000 4500
001 in00003814031
005 20190415185520.0
006 m o d
007 cr |n||||||||n
008 881014s1720 ie |||| o 00||||eng c
035 |a (CU-RivES)T184258 
035 |a (Uk-ES)006278974 
035 |a (OCoLC)509397774 
040 |a Uk-ES  |c Uk-ES  |d CStRLIN  |d Cengage Gale  |d UtOrBLW 
245 0 4 |a The Distress'd maid being put to her last shift, maketh her petition to the Reverend Dr. Swift. In imitation of Frances Harris's petition. Humbly shewing. 
264 1 |a [Dublin?] :  |b [publisher not identified],  |c [1720?] 
300 |a 1 online resource (1 sheet)  
336 |a text  |b txt  |2 rdacontent 
337 |a computer  |b c  |2 rdamedia 
338 |a online resource  |b cr  |2 rdacarrier 
500 |a "That your petitioner being about twenty-five years of age, has never yet been a bride,". 
510 4 |a Foxon,  |c D337 
510 4 |a English Short Title Catalog,  |c T184258. 
500 |a Reproduction of original from Cambridge University Library. 
500 |a Electronic resource. 
650 0 |a English poetry  |y 18th century.  |0 http://id.loc.gov/authorities/subjects/sh85043936 
655 7 |a Electronic books.  |2 local 
655 7 |a Single sheet verse.  |2 rbgenr 
710 2 |a Gale (Firm)  |0 http://id.loc.gov/authorities/names/no2008071348 
752 |a Ireland  |d Dublin. 
856 4 0 |u http://proxy.library.tamu.edu/login?url=http://find.galegroup.com/ecco/infomark.do?contentSet=ECCOArticles&docType=ECCOArticles&bookId=1434001300&type=getFullCitation&tabID=T001&prodId=ECCO&docLevel=TEXT_GRAPHICS&version=1.0&source=library&userGroupName=txshracd2898  |z Connect to the full text of this electronic book  |t 0 
999 f f |s 30914132-6213-354e-9b0b-295cc77ae817  |i 2dc60bbb-b880-343a-a5f6-c5441860bcb6  |t 0 
952 f f |a Texas A&M University  |b College Station  |c Electronic Resources  |d Available Online  |t 0  |h No information provided 
998 f f |t 0  |l Available Online